| 000 | 00832cam a2200217 4500 | ||
|---|---|---|---|
| 001 | WB3732-19 | ||
| 008 | 010830n2001 000 0 eng u | ||
| 035 | _a(Sirsi) u114391 | ||
| 245 | _aOut-of-town development at a low | ||
| 260 | _ac2001 | ||
| 490 |
_aRetail Week _v24 August 2001, 21(1) |
||
| 520 | _aLatest development pipeline figures from CB Hillier Parker show that, as a result of strict planning restrictions, out-of-town shopping centre development has been virtually eliminated. The survey also reveals that there is a preponderance of large development schemes. | ||
| 590 | _aWB | ||
| 650 | _aCB HILLIER PARKER | ||
| 650 | _aRESEARCH | ||
| 650 | _aOUT OF TOWN SHOPPING CENTRES | ||
| 650 | _aPLANNING RESTRICTIONS | ||
| 650 | _aDEVELOPMENT SCHEMES | ||
| 690 | _aPROPERTY-PROPERTY DEVELOPMENT | ||
| 942 | _n0 | ||
| 999 |
_c68124 _d68124 |
||